00889 2200313 4500001002100000005001500021035002000036007000300056040001700059100003100076245009400107250001200201300002900213504002400242041000800266082001000274084001600284090002200300264003800322336002100360337003000381338002300411650001400434710003800448850001000486008004100496990001900537990001900556INLIS00000000000800020260529103216 a0010-0922000489ta aSBPUPADbind0 aHetti RestiantiePengarang1 aMerawat Tubuh Tetap Sehat dan Bugar /cHetti Restianti; Penyunting, Tim Editor Puri Delco a.-cet.1 a66 hlm :bilus. ;c25 cm aBibliografi, hlm 6807aind a646.7 a646.7 HET m a646.7 HET m L21-2 a.--Bandung :bPringgandani,c2009 2rdacontentateks 2rdamediaatanpa perantara 2rdacarrieravolume 4aKesehatan1 aPenyunting, Tim Editor Puri Delco aPUPAD260529 0  a663/S/KAPD/PDG a664/S/KAPD/PDG